Les pays ayant 6 lettres - une minute sprint - Statistiques

Statistiques générales
  • Ce quiz a été pris 331 fois
  • Le résultat moyen est 8 sur 27
Statistiques - réponses
continent pays % Correct
Europe France
78%
Amérique du Sud Brésil
66%
Europe Italie
61%
Europe Suisse
51%
Amérique du Nord Canada
39%
Amérique du Sud Guyana
39%
Afrique Égypte
38%
Océanie Tuvalu
37%
Amérique du Nord Panama
36%
Europe Monaco
31%
Amérique du Nord Belize
30%
Océanie Palaos
29%
Europe Serbie
28%
Asie Israël
24%
Europe Russie
22%
Europe Kosovo
21%
Asie Taïwan
18%
Asie Brunei
17%
Afrique Soudan
17%
Asie Chypre
16%
Afrique Guinée
15%
Afrique Malawi
15%
Afrique Rwanda
14%
Afrique Angola
13%
Asie Koweït
13%
Afrique Zambie
13%
Afrique Gambie
12%
Aucun quiz correspondant
Distribution des résultats
% des personnes avec chaque résultat
Percentile par nombre de réponses
Votre historique - résultats
Vous n’avez pas pris ce quiz